| 000 | 01166nam a2200277Ia 4500 | ||
|---|---|---|---|
| 003 | OSt | ||
| 005 | 20201006100036.0 | ||
| 008 | 191128s2014 ck ao gr 000 0 spa d | ||
| 020 | _a9788466227773 | ||
| 040 |
_aCO-JMCR _cCO-JMCR |
||
| 041 | 0 | _aspa | |
| 082 | 0 | 4 |
_a646.7 / _bF363b _223 |
| 100 | 1 |
_aFernández, Carmen, _eautor _911283 |
|
| 245 | 1 | 0 |
_aBelleza y bienestar / _cCarmen Fernández |
| 250 | _aEdición especial | ||
| 260 |
_aBogotá : _bLibsa, _c2014. |
||
| 300 |
_a159 páginas : _bfotografías ; _c27 cm. |
||
| 490 | 0 | _aLeer es mi cuento | |
| 505 | 0 | _aBaño vital -- Naturaleza en la piel -- Tratamientos corporales -- Ambientes para el relax -- Momentos para compartir -- Un hogar natural -- Tratamientos naturales | |
| 520 | 0 | _aSi la tensión laboral, el ruido y la prisa han tomado en cierto modo nuestras vidas, no es tan difícil hacer un ejercicio de liberación de cuerpo y mente si se aprenden algunos trucos. Este libro ofrece más de 50 tratamientos naturales. | |
| 650 | 2 | 4 |
_aBelleza personal _9384 |
| 650 | 2 | 4 |
_aAutocuidado en salud _911284 |
| 650 | 2 | 4 |
_aBotánica médica _911285 |
| 650 | 2 | 4 |
_aCosmética _911286 |
| 942 |
_2ddc _cBK |
||
| 999 |
_c3943 _d3943 |
||